Quick Pick: Between Two W's Quiz Stats

 Plays Quiz Updated Apr 6, 2018

Challenge
Share
Tweet
Embed
Score 0/12 Timer 01:30
0 Plays Today
% Correct
Disney
96.3%
Wide
96.2%
This
95.5%
Willie
95%
Collar
95%
Women
93.8%
Of
91.1%
Dares
89.3%
Lola
85.9%
Carlos
85.5%
Within
82.1%
Zoomin'
78.3%

Today's Daily Dose

You're not logged in!

Compare scores with friends on all Sporcle quizzes.
Join for Free
OR
Log In

You Might Also Like...

Show Comments

Extras

Top Quizzes Today


Score Distribution

Your Account Isn't Verified!

In order to create a playlist on Sporcle, you need to verify the email address you used during registration. Go to your Sporcle Settings to finish the process.

Report this User

Report this user for behavior that violates our Community Guidelines.

Details: